| 000 | 00395cam a2200157ua 4500 | ||
|---|---|---|---|
| 041 |
_amal _h |
||
| 082 |
_a894.812301 _bKAM/PO |
||
| 100 | _aKammath, S K R . | ||
| 245 |
_aPoonchola / _cS K R Kammath. _hTextual Documents |
||
| 250 |
_a1 / _b. |
||
| 260 |
_aThuravoor : _bSree Narasimha Vilasam Book Depot , _c1950. |
||
| 300 | _a128 ; . | ||
| 504 | _a | ||
| 942 | _cBK | ||
| 999 |
_c11589 _d11589 |
||